| 000 | 00507nam a2200181 4500 | ||
|---|---|---|---|
| 003 | SEACOMMC | ||
| 005 | 20250411155133.0 | ||
| 008 | 250411b |||||||| |||| 00| 0 eng d | ||
| 020 |
_a978-07-0698-608-2 _cRs.210.00 |
||
| 040 | _aSEACOMMC | ||
| 082 |
_a519.5 _bC 457 |
||
| 100 | _a Chandan, J. S | ||
| 245 | 1 |
_aBusiness Statistics _c S. Chandan, Jagjit Singh [and] K. K. Khanna |
|
| 250 | _a2nd rev.ed. | ||
| 260 |
_aNew delhi _b Vikas Publishers _c 1995 |
||
| 650 | _aMathematical Analysis | ||
| 942 | _cBOOK | ||
| 999 |
_c1201 _d1201 |
||